| 000 | 00449nam a2200169Ia 4500 | ||
|---|---|---|---|
| 008 | 210719s2014 xx 000 0 und d | ||
| 041 | _akok | ||
| 082 | _a891.46301 HEMS | ||
| 100 | _aHEMACHARYA | ||
| 245 | _aSumati: katha punjo | ||
| 260 |
_aManglur _bKarnataka Konkani Sahitya Akademy. _c2014 |
||
| 300 |
_axiii,121 _bPB |
||
| 365 |
_b75 _cRs |
||
| 650 | _aKonkani Fiction | ||
| 650 | _aKonkani Literature | ||
| 906 | _akatha ; punjo ; Sumati: | ||
| 999 |
_c215652 _d215652 |
||